Sonic Click Chain #1 - Statistics

General Stats
  • This quiz has been taken 294 times
  • The average score is 10 of 15
Answer Stats
Hint Answer % Correct
The Ultimate Lifeform… Shadow
91%
whose female teammate is… Rouge
88%
whose best friend is… Tails
80%
who got tricked by… Eggman
79%
who is based on… Sonic
78%
whose finest creation is… Metal Sonic
76%
whose large teammate is… Big
75%
who is a child, like… Cream
73%
whose rival in Sonic Adventure 2 was… Knuckles
64%
who appeared to a robot called… Gamma
56%
who is in the same series as… Omega
53%
who knocked down: Silver
51%
who was sealed with… Tikal
48%
who was destroyed in the war with… Infinite
43%
whose best friend was kidnapped by… Chaos
40%
No matching quizzes found
Score Distribution
Percent of People with Each Score
Percentile by Number Answered
Your Score History
You have not taken this quiz